[Event "FRA-chT4 0304"]
[Site "Bretagne"]
[Date "2004.03.14"]
[Round "6"]
[White "Bougot, Loic"]
[Black "Coulont Robert, Marc"]
[Result "0-1"]
[WhiteElo "1810"]
[BlackElo "1710"]
[PlyCount "96"]
[EventDate "2003.10.12"]
[EventType "team-tourn"]
[EventRounds "9"]
[EventCountry "FRA"]
[SourceTitle "EXT 2005"]
[Source "ChessBase"]
[SourceDate "2004.11.15"]
[SourceVersion "1"]
[SourceVersionDate "2004.11.15"]
[SourceQuality "1"]

1. c4 e5 2. Nc3 f5 3. g3 Nf6 4. Bg2 d6 5. d4 Be7 6. dxe5 dxe5 7. Qxd8+ Bxd8 8. e4 Nc6 9. b3 Nd4 10. Kd2 fxe4 11. Bb2 Bf5 12. Re1 Be7 13. Nxe4 0-0-0 14. Kc1 Bb4 15. Nc3 Rhe8 16. Nf3 Nxf3 17. Bxf3 Rd3 18. Be4 Nxe4 19. Nxe4 Bxe1 20. Rxe1 Bxe4 21. Rxe4 Rf3 22. Re2 Ref8 23. Rxe5 Rxf2 24. Re1 Rf1 25. Kd1 Rxe1+ 26. Kxe1 g6 27. Ke2 a6 28. Bc1 c6 29. Bf4 Kd7 30. c5 Ke6 31. Kd3 Kd5 32. b4 Re8 33. Be3 Rxe3+ 34. Kxe3 Kc4 35. Kf4 Kxb4 36. Kg5 Kxc5 37. Kh6 Kd4 38. Kxh7 c5 39. Kxg6 c4 40. h4 c3 41. h5 c2 42. h6 c1Q 43. h7 Qc6+ 44. Kg7 Qc7+ 45. Kg8 Qxg3+ 46. Kh8 Qg6 47. a4 Qf7 48. a5 Qf8# 0-1

[Event "FRA-chT4 0304"]
[Site "Bretagne"]
[Date "2004.02.01"]
[Round "5"]
[White "Bougot, Loic"]
[Black "Le Clanche, Marcel"]
[Result "1-0"]
[WhiteElo "1810"]
[BlackElo "1870"]
[PlyCount "89"]
[EventDate "2003.10.12"]
[EventType "team-tourn"]
[EventRounds "9"]
[EventCountry "FRA"]
[SourceTitle "EXT 2005"]
[Source "ChessBase"]
[SourceDate "2004.11.15"]
[SourceVersion "1"]
[SourceVersionDate "2004.11.15"]
[SourceQuality "1"]

1. c4 c5 2. Nc3 Nc6 3. g3 Nf6 4. Bg2 e6 5. e3 Be7 6. Nge2 0-0 7. d4 cxd4 8. exd4 d5 9. cxd5 Nxd5 10. Nxd5 exd5 11. 0-0 Bg4 12. f3 Bf5 13. Qb3 Nb4 14. a3 Bc2 15. Qe3 Nd3 16. Qd2 Rc8 17. Nc3 Nxc1 18. Qxc2 Qb6 19. Raxc1 Qxd4+ 20. Qf2 Qxf2+ 21. Rxf2 Bc5 22. Rd1 Rfe8 23. f4 Kf8 24. Bxd5 b6 25. Kg2 Bxf2 26. Kxf2 Re7 27. Rd2 Rc5 28. Bb3 Rc8 29. Ba4 h6 30. Nd5 Re4 31. Bb5 Rd8 32. Rd3 Rc8 33. Nc3 Re7 34. Kf3 g6 35. Rd6 Rc5 36. a4 Rh5 37. h4 Rc5 38. g4 Kg7 39. Ne4 Rc2 40. f5 gxf5 41. gxf5 Re5 42. f6+ Kg6 43. Bd3 Rf5+ 44. Ke3 Re5 45. Bxc2 1-0

[Event "FRA-chT4 0304"]
[Site "Bretagne"]
[Date "2003.12.07"]
[Round "3"]
[White "Bougot, Loic"]
[Black "Monnier, Stephane"]
[Result "0-1"]
[WhiteElo "1820"]
[BlackElo "1690"]
[PlyCount "54"]
[EventDate "2003.10.12"]
[EventType "team-tourn"]
[EventRounds "9"]
[EventCountry "FRA"]
[SourceTitle "EXT 2005"]
[Source "ChessBase"]
[SourceDate "2004.11.15"]
[SourceVersion "1"]
[SourceVersionDate "2004.11.15"]
[SourceQuality "1"]

1. c4 Nf6 2. Nc3 e6 3. e4 d5 4. e5 d4 5. exf6 dxc3 6. fxg7 cxd2+ 7. Bxd2 Bxg7 8. Qg4 Bxb2 9. Rd1 c5 10. Ne2 Nc6 11. g3 Ne5 12. Bb4 Qxd1+ 13. Kxd1 Nxg4 14. Bxc5 b6 15. Bg2 Rb8 16. Bd6 Nxf2+ 17. Kc2 Nxh1 18. Bxb8 Bf6 19. Bxh1 0-0 20. Bxa7 Ba6 21. Kb3 Rc8 22. c5 bxc5 23. Nc3 Bd4 24. Ne4 c4+ 25. Ka4 Bxa7 26. Nd6 Rc7 27. Ne8 Re7 0-1

[Event "Ile et Vilaine-ch"]
[Site "Ile et Vilaine"]
[Date "2002.12.21"]
[Round "4"]
[White "Martin, Yvon"]
[Black "Bougot, Loic"]
[Result "1-0"]
[WhiteElo "1620"]
[BlackElo "1840"]
[PlyCount "57"]
[EventDate "2002.10.19"]
[EventType "swiss"]
[EventRounds "7"]
[EventCountry "FRA"]
[SourceTitle "EXT 2008"]
[Source "ChessBase"]
[SourceDate "2007.11.25"]
[SourceVersion "1"]
[SourceVersionDate "2007.11.25"]
[SourceQuality "1"]

1. d4 f5 2. b3 e6 3. Bb2 b6 4. Nd2 Nf6 5. Ngf3 Bb7 6. e3 Be7 7. c3 0-0 8. Qc2 Qe8 9. Bd3 d5 10. Ng5 Bc8 11. f3 Qg6 12. h4 Nh5 13. g4 Ng3 14. Rh3 h6 15. Rxg3 hxg5 16. gxf5 exf5 17. hxg5 Bxg5 18. 0-0-0 Qf6 19. Rdg1 Bh6 20. f4 Be6 21. Nf3 Nd7 22. Rg6 Qe7 23. Rxh6 Nf6 24. Ne5 Bf7 25. Qh2 Bh5 26. Rxh5 Nxh5 27. Qxh5 Rf6 28. Bxf5 Rh6 29. Qxh6 1-0

[Event "Fouesnant op 03rd"]
[Site "Fouesnant"]
[Date "1997.??.??"]
[Round "5"]
[White "Dupre, Mickael"]
[Black "Bougot, Loic"]
[Result "0-1"]
[WhiteElo "1940"]
[BlackElo "1700"]
[PlyCount "38"]
[EventDate "1997.10.??"]
[EventType "swiss"]
[EventRounds "9"]
[EventCountry "FRA"]
[SourceTitle "EXT 2003"]
[Source "ChessBase"]
[SourceDate "2002.11.25"]
[SourceVersion "1"]
[SourceVersionDate "2002.11.25"]
[SourceQuality "1"]

1. Nc3 c5 2. Nf3 Nc6 3. d4 cxd4 4. Nxd4 Nf6 5. Bg5 e6 6. Bxf6 Qxf6 7. Ndb5 Bb4 8. Nd6+ Ke7 9. Nde4 Qe5 10. Qd2 d5 11. a3 Ba5 12. b4 dxe4 13. bxa5 Rd8 14. Qe3 Nxa5 15. f4 Nc4 16. Qg3 Qf6 17. f5 Kf8 18. Rc1 e3 19. Na2 Qd4 0-1